Party Wall etc Act 1996 (Record no. 107794)
[ view plain ]
| 000 -LEADER | |
|---|---|
| fixed length control field | 01085cam a22002535a 4500 |
| 001 - CONTROL NUMBER | |
| control field | L141916 |
| 008 - FIXED-LENGTH DATA ELEMENTS--GENERAL INFORMATION | |
| fixed length control field | 080115s2007 xxk f 000 0 eng d |
| 020 ## - INTERNATIONAL STANDARD BOOK NUMBER | |
| International Standard Book Number | 978095509954 |
| 035 ## - SYSTEM CONTROL NUMBER | |
| System control number | (Sirsi) u141916 |
| 041 0# - LANGUAGE CODE | |
| Language code of text/sound track or separate title | eng |
| 050 04 - LIBRARY OF CONGRESS CALL NUMBER | |
| Classification number | 692.2 $2 18 |
| 100 1# - MAIN ENTRY--PERSONAL NAME | |
| Personal name | Frame, Alex |
| 245 00 - TITLE STATEMENT | |
| Title | Party Wall etc Act 1996 |
| Remainder of title | misunderstandings and guidance |
| 260 ## - PUBLICATION, DISTRIBUTION, ETC. | |
| Place of publication, distribution, etc. | London |
| Name of publisher, distributor, etc. | RICS |
| Date of publication, distribution, etc. | 2007 |
| 300 ## - PHYSICAL DESCRIPTION | |
| Extent | 144p. |
| Dimensions | 21cm. |
| 350 ## - PRICE (NR) (BK AM CF MU VM SE) [OBSOLETE] | |
| Price | 29.50 |
| 520 ## - SUMMARY, ETC. | |
| Summary, etc. | Explains law and practice as set out by the Party Wall etc. Act 1996. Explains the extent of the Act and considers its application in various generic circumstances. Addresses common mistakes which are made in the implementation of the Act. Aims to forewarn surveyors of potential pitfalls and so avoid possible litigation actions. Highlights the fact that the Act does not provide the ability to invoke penalties for non-compliance. |
| 521 2# - TARGET AUDIENCE NOTE | |
| Target audience note | Advanced |
| 590 ## - LOCAL NOTE (RLIN) | |
| Local note | KA |
| 650 24 - SUBJECT ADDED ENTRY--TOPICAL TERM | |
| Topical term or geographic name entry element | PARTY WALL ETC ACT 1996 |
| 651 #4 - SUBJECT ADDED ENTRY--GEOGRAPHIC NAME | |
| Geographic name | United Kingdom |
| Chronological subdivision | |
| 690 ## - LOCAL SUBJECT ADDED ENTRY--TOPICAL TERM (OCLC, RLIN) | |
| Topical term or geographic name as entry element | PROPERTY-PROPERTY MANAGEMENT-EASEMENTS-PARTY WALL SURVEYING |
| 942 ## - ADDED ENTRY ELEMENTS (KOHA) | |
| Suppress in OPAC | 0 |
| Withdrawn status | Lost status | Source of classification or shelving scheme | Damaged status | Not for loan | Home library | Current library | Shelving location | Date acquired | Cost, normal purchase price | Total Checkouts | Full call number | Barcode | Date last seen | Date last checked out | Copy number | Cost, replacement price | Price effective from | Koha item type |
|---|---|---|---|---|---|---|---|---|---|---|---|---|---|---|---|---|---|---|
| Dewey Decimal Classification | London | London | Books | 15/02/2008 | 29.50 | 12 | 692.2 FRA | 30074546 | 06/08/2019 | 20/10/2009 | 2 | 29.50 | 06/08/2019 | Book |